000 00303nam a22001337a 4500
008 170529b xxu||||| |||| 00| 0 eng d
020 _a0340098953
041 _aeng
080 _a62
100 _a27
101 _aIM
245 _aSIGNAL PROCESSING, MODULATION AND NOISE
_cBETTS,J.A
942 _2udc
_cBK
999 _c14843
_d14843